| 000 | 00374 a2200157 4500 | ||
|---|---|---|---|
| 001 | 67873 | ||
| 020 | _a978-85-08-16052-5 | ||
| 040 | _cAnchieta - Pituba | ||
| 100 | _aSouza, Marina de Mello e | ||
| 240 | 1 | 0 |
_aÁfrica e Brasil africano _lpor |
| 245 | 1 | 0 | _aÁfrica e Brasil africano |
| 300 | _a176 | ||
| 362 | 0 | _a2012 | |
| 650 | 4 | _aHistória geral da África | |
| 942 | _cBK | ||
| 999 |
_c67873 _d67873 |
||